Statistics for Three Syllable Island Countries

Click here to take the quiz!

General Stats

  • This quiz has been taken 23 times
  • The average score is 13 of 16

Answer Stats

Countries% Correct
Bahamas
91%
Barbados
91%
Jamaica
91%
Tuvalu
91%
Comoros
86%
Samoa
86%
Grenada
82%
New Zealand
82%
Singapore
82%
Sri Lanka
82%
East Timor
77%
Cape Verde
68%
Mauritius
68%
Philippines
68%
Ireland
64%
Saint Lucia
64%

Score Distribution

Percentile by Number Answered

Percent of People with Each Score

Your Score History

You have not taken this quiz